| 000 | 00583nam a2200181Ia 4500 | ||
|---|---|---|---|
| 003 | IN-BaIIA | ||
| 008 | 211028s9999 xx 000 0 eng d | ||
| 040 | _cIIA Library | ||
| 080 |
_a92:537 _bWOO |
||
| 100 |
_aWoodbury, D. O. _912891 |
||
| 245 | 0 |
_aBeloved scientist Elihu Thomson _ba guiding spirit of the electrical age _cD. O. Woodbury |
|
| 260 |
_aNew York _bMcGraw-Hill _c1944 |
||
| 300 | _axiii, 358p. | ||
| 500 | _aDonated by Mrs. Bappu | ||
| 650 |
_aBiography - Elihu Thomson _912892 |
||
| 650 |
_aElectricity _9527 |
||
| 942 | _cBK | ||
| 999 |
_c7620 _d7620 |
||